Rheumatology in practice /

Bibliographic Details
Main Author: Silva, José António Pereira da
Corporate Author: SpringerLink (Online service)
Other Authors: Woolf, Anthony D. (Anthony Derek)
Format: eBook
Language:English
Published: Heidelberg : Springer, [2010]
Subjects:
Online Access:Connect to the full text of this electronic book

MARC

Tag First Indicator Second Indicator Subfields
LEADER 00000cam a2200000Ia 4500
001 in00002575875
005 20210727154757.0
006 m d
007 cr cn|
008 100326s2010 gw a s 001 0 eng d
020 |a 1848825811 
020 |a 9781848825819 
035 |a (OCoLC)574719968 
035 |a (OCoLC)ocn574719968 
035 |a 3706772 
037 |a 978-1-84882-580-2  |b Springer  |n http://www.springerlink.com 
040 |a GW5XE  |b eng  |c GW5XE  |d UtOrBLW 
049 |a TXAC 
050 4 |a RC927  |b .S558 2010 
082 0 4 |a 616.7/23  |2 22 
100 1 |a Silva, José António Pereira da.  |0 http://id.loc.gov/authorities/names/n78083154 
245 1 0 |a Rheumatology in practice /  |c José António Pereira da Silva, Anthony D. Woolf. 
264 1 |a Heidelberg :  |b Springer,  |c [2010] 
264 4 |c ©2010 
300 |a 1 volume (various paging) :  |b color illustrations 
336 |a text  |b txt  |2 rdacontent 
337 |a computer  |b c  |2 rdamedia 
338 |a online resource  |b cr  |2 rdacarrier 
500 |a Electronic resource. 
500 |a Includes index. 
533 |a Electronic reproduction.  |b New York :  |c Springer,  |d 2010.  |n Mode of access: World Wide Web.  |n System requirements: Web browser.  |n Title from title screen (viewed on Mar. 11, 2010).  |n Access may be restricted to users at subscribing institutions. 
650 0 |a Rheumatism  |x Treatment. 
650 0 |a Rheumatism.  |0 http://id.loc.gov/authorities/subjects/sh85113643 
655 7 |a Electronic books.  |2 local 
700 1 |a Woolf, Anthony D.  |q (Anthony Derek)  |0 http://id.loc.gov/authorities/names/n88090841 
710 2 |a SpringerLink (Online service)  |0 http://id.loc.gov/authorities/names/no2005046756 
776 1 |c Original  |z 9781848825819  |z 1848825811  |z 9781848825802  |z 1848825803  |w (OCoLC)547753190 
856 4 0 |u http://proxy.library.tamu.edu/login?url=https://dx.doi.org/10.1007/978-1-84882-581-9  |z Connect to the full text of this electronic book  |t 0 
994 |a 92  |b TXA 
999 |a MARS 
999 f f |s b4877049-ee9d-37c9-a197-204ddd9b70d6  |i fc119868-a37e-3c0b-ae22-48ec98d28b53  |t 0 
952 f f |a Texas A&M University  |b College Station  |c Electronic Resources  |d Available Online  |t 0  |e RC927 .S558 2010  |h Library of Congress classification 
998 f f |a RC927 .S558 2010  |t 0  |l Available Online